[Event "Druga liga Srbije grupa Vojvodina 2009"]
[Site "Sombor"]
[Date "2009.09.27"]
[Round "1.6"]
[White "Vlatkovic, Milos"]
[Black "Kosanovic, Goran A"]
[Result "0-1"]
[WhiteElo "2302"]
[BlackElo "2371"]
[PlyCount "104"]
[EventDate "2009.09.27"]

1. d4 c5 2. d5 d6 3. e4 e5 4. Nc3 Be7 5. Be2 Bg5 6. Nf3 Bxc1 7. Qxc1 Ne7 8. Qd2
O-O 9. O-O Ng6 10. g3 Bh3 11. Rfe1 h6 12. Bf1 Bd7 13. Qe3 Na6 14. Nd2 Nc7 15.
a4 b6 16. Nc4 Qe7 17. Qd2 Rab8 18. Bg2 a6 19. Ne3 b5 20. axb5 axb5 21. Ra7 Qd8
22. Nf5 b4 23. Nd1 Nb5 24. Ra1 Ne7 25. Nde3 Nxf5 26. exf5 Nd4 27. Be4 Qg5 28.
h4 Qf6 29. Ng4 Qd8 30. Ne3 c4 31. Rad1 Qc8 32. f6 c3 33. bxc3 bxc3 34. Qc1 gxf6
35. Rxd4 exd4 36. Ng2 Bf5 37. Bf3 Re8 38. Rxe8+ Qxe8 39. Qxh6 Rb1+ 40. Kh2 Qe5
41. Nf4 Qe1 42. Nh3 Bxh3 43. Kxh3 Qe5 44. g4 d3 45. cxd3 c2 46. Be4 Qxe4 47.
dxe4 c1=Q 48. Qxf6 Qh1+ 49. Kg3 Qxe4 50. Qg5+ Qg6 51. Qd8+ Kg7 52. h5 Rg1+ 0-1